00883nam a22002055i 4500001000700000003000900007005001700016008004100033040003000074100002300104245004700127260005500174300002000229505020500249600004800454650001900502752002400521852004100545852009100586164980ES-MaACL20250726220531.0981123s1875 fr af |||| | fre d aCCPB | B bspa cCCPB | B1 aSchurè, Edouard.13aLe drame musical / cPar Edouard Schuré. aParis : bSandoz et Fischbacher, Editeurs, c1875. a2 v. ; c24 cm.8 aContiene : T. I. La musique et la poésie dans leur développement historique [6], XIII, 368 p., [1] h. de lám. -- T. II. Richard Wagner, son oeuvre et son idée [6], 426 [2] p., [2] h. de lám.14aWagner, Richard, d1813-1883-xBiografías 7aÓpera2embne aFrancia - dParís aES-MaACLjG-7806-7807 z-- Enc. hol. aES-MaACLjD-4549-4550 z-- Enc. hol. x-- Edic.: El imp. es: Imprimerie de E. Martinet